Responses for Show #4506 - Monday, March 22, 2004

Contestants

[<< previous game]

Daniel Black, a bellman from Las Vegas, Nevada

Brian G. Hartz, a director and actor from Indianapolis, Indiana

Sonja Srinivasan, an education consultant and musician from San Diego, California (whose 1-day cash winnings total $5,800)

[next game >>]

Jeopardy! Round responses

U.S. CITIES
ROLLING STONE'S 100 GREATEST GUITARISTS
THE LENIN CLOSET
(Alex: We have a little bit of everything in...)
POTPOURRI
MAGAZINES
ABBREVIATED
    $200 1
(Daniel: What is Washington, D.C.?)
(Brian: What is Philadelphia?)
....
(Alex: [at commercial break] Brian, this game is a little closer than we thought, that's because your response of "Philadelphia" is acceptable.)

Boston

SonjaBrianDaniel
    $200 11
Pete Townshend

Daniel
    $200 9
law

Brian
    $200 7
the Nobel Prize

Daniel
    $200 6
Prevention

Brian
    $200 26
Environmental Protection Agency

Daniel
    $400 2
(Brian: What is Portland?)

Salem

BrianDaniel
    $400 12
Jimi Hendrix

Daniel
    $400 10
Siberia

Triple Stumper
    $400 8
mattresses

Brian
    $400 16
Rosie O'Donnell

Daniel
    $400 27
chief financial officer

Daniel
    $600 3
(Alex: Now's the time for [*]!)

Philadelphia

Brian
    $600 13
B.B. King

Daniel
    $1,000 20
(Alex: Of course.)

the Bolsheviks

Brian
    $600 23
red

Daniel
    $600 17
Tom Cruise

Sonja
    $600 28
the European Union

Brian
    $800 4
Cleveland

Brian
    $800 14
Carlos Santana

Daniel
    $800 21
Switzerland

Daniel
    $800 24
(Alex: Where do you get a lot of Slurpees? At 7-Eleven; [*]; less than a minute to go now, Daniel.)

July 11

Triple Stumper
    $800 18
Living

Brian
    $800 29
fiscal year

Sonja
    $1000 5
New Orleans

Sonja
    $1000 15
Joan Jett

Sonja
    $1000 22
(Brian: What is a coffin?)
(Alex: That's amusing, for some reason!)

railway car

Brian
Triple Stumper
    $1000 25
honeysuckle

Brian
    $1000 19
Parade Magazine

Brian
    $1000 30
digital video disc

Brian

Scores at the first commercial break (after clue 15):

Sonja Brian Daniel
$2,200 $2,000 $2,400

Scores at the end of the Jeopardy! Round:

Sonja Brian Daniel
$3,600 $6,400 $4,800

Double Jeopardy! Round responses

POETS
THE YEAR IN SPORTS
FAMOUS JACQUES
WORLD COINS
MEDICINE
"SIDE" EFFECTS
    $400 7
Allen Ginsberg

Sonja
    $400 26
1976

Sonja
    $400 6
(Jacques) Cousteau

Brian
    $400 1
Israel

Sonja
    $400 20
a hair

Sonja
    $400 14
bedside manner

Brian
    $800 8
(E.E.) Cummings

Sonja
    $800 27
1927

Daniel
    $800 12
Jacques Chirac

Sonja
    $800 2
Garfield

Daniel
    $800 22
(Sonja: What are ions?)
(Alex: Be more specific.)
(Sonja: [*].)

negative ions

Sonja
    $800 15
"The Far Side"

Brian
    $1200 9
Elizabeth (Barrett) Browning

Sonja
    $3,000 28
(Alex: The race was cancelled because of the war.)

1941

Daniel
    $1200 13
(Jacques) Cartier

Daniel
    $1200 3
Australia

Daniel
    $1200 23
barium

Sonja
    $1200 16
sidebar

Daniel
    $1,000 10
(John) Keats

Sonja
    $1600 29
1960

Triple Stumper
    $1600 19
Jacques-Louis David

Triple Stumper
    $1600 4
the harp

Brian
    $1600 24
Virginia Apgar

Triple Stumper
    $1600 17
supply-side economics

Brian
    $2000 11
(Brian: Who is Whitman?)

Oliver Wendell Holmes

Brian
Triple Stumper
    $2000 30
1967

Daniel
    $2000 21
(Jacques) Offenbach

Sonja
    $2000 5
Yuri Gagarin

Brian
    $2000 25
(Brian: What is a dialysis drug?)

vasodilator

Brian
Triple Stumper
    $2000 18
(Alex: By Sondheim.)

Side by Side

Triple Stumper

Scores at the end of the Double Jeopardy! Round:

Sonja Brian Daniel
$13,000 $9,200 $15,000

[wagering suggestions for these scores]

Final Jeopardy! Round responses

FAMOUS FELINES
(Alex: Tweety Bird had done 3 films without him prior to that.)
BrianWho is Sylvester?
$9,200
SonjaWho is Sylvester?
$5,450
DanielWho is Felix?
$11,000
Sylvester

Final scores:

Sonja Brian Daniel
$18,450 $18,400 $4,000
2-day champion: $24,250 2nd place: $2,000 3rd place: $1,000

Game dynamics:

Coryat scores:

Sonja Brian Daniel
$13,600 $8,800 $13,200
16 R
(including 1 DD),
0 W
18 R
(including 1 DD),
4 W
18 R
(including 1 DD),
1 W

Combined Coryat: $35,600

[game clues] [game scores] [suggest correction]

Game tape date: 2004-01-20
The J! Archive is created by fans, for fans. Scraping, republication, monetization, and malicious use prohibited; this site may use cookies and collect identifying information. See terms. The Jeopardy! game show and all elements thereof, including but not limited to copyright and trademark thereto, are the property of Jeopardy Productions, Inc. and are protected under law. This website is not affiliated with, sponsored by, or operated by Jeopardy Productions, Inc. Join the discussion at JBoard.tv.